Súčasné zdroje financovania duševného vlastníctva v SR

Problematika nedostatku energetických, pracovných a najmä finančných zdrojov v súčasnej globálnej ekonomike. Podnikanie a jeho finančné zabezpečenie. Cudzie zdroje zabezpečenia financovania podnikania. Nedostatočný prístup k cenovo prístupným úverovým zdrojom zo strany podnikateľov a podnikov. Lízin...

Ausführliche Beschreibung

Gespeichert in:
Bibliographische Detailangaben
1. Verfasser: Matušovič, Martin
Weitere Verfasser: Hrušovská, Dana, 1964-
Format: Buchkapitel
Sprache:Slowakisch
Schlagworte:
Tags: Tag hinzufügen
Keine Tags, Fügen Sie das erste Tag hinzu!

MARC

LEADER 00000naa$a2200000$$$4500
001 0111171
005 20240605112713.6
041 0 |a slo 
044 |a SK 
245 1 0 |a Súčasné zdroje financovania duševného vlastníctva v SR  |c Martin Matušovič, Dana Hrušovská 
520 |a Problematika nedostatku energetických, pracovných a najmä finančných zdrojov v súčasnej globálnej ekonomike. Podnikanie a jeho finančné zabezpečenie. Cudzie zdroje zabezpečenia financovania podnikania. Nedostatočný prístup k cenovo prístupným úverovým zdrojom zo strany podnikateľov a podnikov. Lízingový trh. Závažný indikátor hodnotenia stavu globálnej ekonomiky - vývoj na kapitálových trhoch. 
610 2 0 |a financie 
610 2 0 |a zdroje finančné 
610 2 0 |a financovanie 
610 2 0 |a úver bankový 
610 2 0 |a lízing 
610 2 0 |a trh kapitálový 
610 2 0 |a podnikanie 
100 1 |a Matušovič, Martin 
700 1 |a Hrušovská, Dana, 1964-